A systematic and ecological study of nearctic Hydrellia, diptera: Ephydridae
Bewaard in:
| Hoofdauteur: | |
|---|---|
| Formaat: | Boek |
| Taal: | Engels |
| Gepubliceerd in: |
Washington, D.C
Smithsonian Institution
1971
|
| Reeks: | Smithsonian Contributions to Zoology, 68
|
| Onderwerpen: | |
| Tags: |
Voeg label toe
Geen labels, Wees de eerste die dit record labelt!
|
MARC
| LEADER | 00000nam a2200000 a 4500 | ||
|---|---|---|---|
| 001 | UCL7462 | ||
| 003 | CL-VaPUC | ||
| 008 | 040520e19710000US |||||||||||||||||eng|d | ||
| 082 | 0 | 4 | |a 595.77 |b DEO |2 21 |
| 100 | 0 | |a Deonier, D. L |e author |9 485301 | |
| 245 | 1 | 2 | |a A systematic and ecological study of nearctic Hydrellia, diptera: Ephydridae |
| 300 | |a 147 p | ||
| 942 | |c BK | ||
| 945 | |d 20040520 00:00:00 |a cmena | ||
| 260 | |a Washington, D.C |b Smithsonian Institution |c 1971 | ||
| 650 | 7 | |a DIPTEROS |2 CL-VaPUC |9 331929 | |
| 650 | 0 | |a Insectos |9 264174 | |
| 650 | 7 | |a ESPECIES |2 CL-VaPUC |9 331928 | |
| 650 | 0 | |a Taxonomia |9 341054 | |
| 583 | |a last modification |c 20040520 00:00:00 |k Rodrigo Vera | ||
| 490 | 0 | |a Smithsonian Contributions to Zoology, 68 | |
| 999 | |c 309187 |d 309185 | ||